Contemporary Issues in Law and Economics (Record no. 23150)

MARC details
000 -LEADER
fixed length control field 01900nam a22001577a 4500
020 ## - INTERNATIONAL STANDARD BOOK NUMBER
ISBN 9781138099760
082 ## - DEWEY DECIMAL CLASSIFICATION NUMBER
Classification number 340.1
Item number THO-
100 ## - MAIN ENTRY--AUTHOR NAME
Personal name Miceli, Thomas J.
245 ## - TITLE STATEMENT
Title Contemporary Issues in Law and Economics
Sub Title Thomas J. Miceli
260 ## - PUBLICATION, DISTRIBUTION, ETC. (IMPRINT)
Place of publication London
Name of publisher Routledge
Year of publication 2018
300 ## - PHYSICAL DESCRIPTION
Number of Pages viii, 177p
504 ## - BIBLIOGRAPHY, ETC. NOTE
Bibliography, etc Include Reference and Index<br/>
520 ## - SUMMARY, ETC.
Summary, etc Law and economics is the field of study devoted to understanding laws and legal institutions using the tools of economic theory. This growing subject has become a mainstream area of study in both law schools and economics departments and this book explores the "law and economics" approach to some of the most interesting questions, issues, and topics in law, order, and justice. Contemporary Issues in Law and Economics considers what economists call the "positive" analysis of the law - that is, using economic theory to explain the nature of the law as it actually exists. As part of this approach the author examines questions such as, what is the economic basis for the predominance of negligence rules in tort law? And, what is the explanation for the illegality of blackmail? Furthermore, another set of questions arises where the law seems to depart from the prescriptions of economic theory, and these issues are also examined in this volume. For example, the deeply rooted norm of proportionality between punishments and crimes, and the use of escalating penalties for repeat offenders, are both explored. With self-contained chapters written in a non-technical style, this book offers a rigorous discussion of the above themes while remaining accessible to those without formal legal or economic training. It offers the ideal introduction to the field of law and economics while also providing a basis for students in more advanced courses.
650 ## - SUBJECT ADDED ENTRY--TOPICAL TERM
Topical Term Law--Economic aspects
Form subdivision Law and economics
-- Microeconomics
942 ## - ADDED ENTRY ELEMENTS (KOHA)
Koha item type Books
Source of classification or shelving scheme Dewey Decimal Classification
Holdings
Withdrawn status Lost status Damaged status Not for loan Home library Current library Date acquired Source of acquisition Bill Date Full call number Accession Number Price effective from Koha item type
        NASSDOC Library NASSDOC Library 09/05/2019 OP 2019-03-25 340.1 THO- 50383 09/05/2019 Books